| 000 | 01386nam a22004937a 4500 | ||
|---|---|---|---|
| 001 | BR7406133 | ||
| 003 | BR-BrBNA | ||
| 005 | 20230928084634.0 | ||
| 007 | ta | ||
| 008 | 230509b bl.||||| |||| 00| 0 por d | ||
| 040 |
_aBR-BrBNA _bpor _cBiblioteca Nacional de Agricultura |
||
| 041 | _a(Por) | ||
| 072 |
_aE30; F00; L00 _b5600 _b0600 _b/G514 |
||
| 090 | _ 5600 BR7406133 | ||
| 100 | 1 | _aKokay, L.F. | |
| 100 | 1 | _aSantos, A.R. dos | |
| 100 | 1 | _aAlves, F.A.L. | |
| 100 | 1 | _aSales, L.G. | |
| 110 | 1 |
_aFundacao Instituto de Pesquisas Agronomicas, Fortaleza, CE (Brasil) _94952 |
|
| 245 | 1 | _aProjeto exploracao racional da cunicultura e fruticultura na Estacao Experimental de Santo Antonio de Pitaguari [Ceara, Brasil] | |
| 260 | 3 |
_aFortaleza, CE (Brasil): _c1974. |
|
| 300 | _a259 p. | ||
| 500 | _a104 tables | ||
| 650 | _aCOELHO | ||
| 650 | _aFRUTICULTURA | ||
| 650 | _aPROJETO AGRICOLA | ||
| 650 | _aPROJETO PECUARIO | ||
| 650 | _aFISIOGRAFIA | ||
| 650 | _aPROPRIEDADE RURAL | ||
| 650 | _aEXPLORACAO AGRICOLA | ||
| 650 | _aCAJU | ||
| 650 | _aCAFE | ||
| 650 | _aAMENDOIM | ||
| 650 | _aMARACUJA | ||
| 650 | _aPIMENTA DO REINO | ||
| 650 | _aESTATISTICA DE PRODUCAO | ||
| 650 | _aPECUARIA | ||
| 650 | _aGENETICA ANIMAL | ||
| 650 | _aMANEJO | ||
| 650 | _aVETERINARIA | ||
| 650 | _aCEARA | ||
| 909 |
_a202309 _bLucia _c55 _dLucia Elande |
||
| 942 | _cBK | ||
| 999 |
_c20219 _d20219 |
||